Comunicaciones inalámbricas de banda ancha
| Main Author: | |
|---|---|
| Format: | Section = Libro |
| Language: | Undetermined Spanish |
| Published: |
España
McGraw-Hill
2003
|
| Subjects: |
| LEADER | 00649nam a2200217Ia 4500 | ||
|---|---|---|---|
| 008 | 240829s9999 xx 000 0 und d | ||
| 020 | |a 84-481-3976-3 | ||
| 040 | |a BIBLIOTECA-RUSB/ 384.5 B329 | ||
| 041 | |a spa | ||
| 082 | |a 384.5 B329 | ||
| 100 | 1 | |a Bates, Regis J. Bud | |
| 245 | 1 | 0 | |a Comunicaciones inalámbricas de banda ancha |
| 260 | |a España |b McGraw-Hill |c 2003 | ||
| 300 | |a 632 p. :il. | ||
| 650 | 7 | |a COMUNICACIONES INALAMBRICAS - HISTORIA | |
| 650 | 7 | |b SISTEMAS Y TECNOLOGIA RADIO | |
| 650 | 7 | |c EVOLUCION DIGITAL - COMUNICACION CELULAR | |
| 650 | 7 | |d REDES DE AREA LOCAL INALAMBRICAS WLAN | |
| 942 | |c BK |2 ddc | ||
| 991 | |a TEXTO | ||
| 999 | |c 1184 | ||